01745cam a22003374a 450000100090000000300050000900500170001400800410003101000170007202000180008902500270010703500260013403700630016004000180022304200100024104300120025105000130026308200170027610000380029324500580033126001100038930000390049949000370053850504950057565000350107071000660110585600760117194200120124799900190125995201290127815109408NUST20230914130008.0071024s2007 ii ab b 001 0 eng  a 2007375999 c9788175965331 aI-E-2007-375999; 49-92 a(IN-NdUBS)UBS07002899 bLibrary of Congress -- New Delhi Overseas OfficecRs600.00 aDLCcDLCdDLC alcode aa-ii---00aQC990.I4 a616.0954,DAS1 aDash, S. K.q(Sushil Kumar)9219910aClimate change :ban Indian perspective /cS.K. Dash. aNew Delhi :bCambridge University Press, India [and] Centre for Envrionment Education, Ahmedabad,cc2007. axvi, 262 p. :bill, maps ;c23 cm.0 aEnvironment & development series aCalimate and some related gobal phenomena (Page-1), Radiation and greenhouse gases (Page-40), Gobal evidences of changes in climate and environment (Page-78), Evidences of changes in climate and environment changes in india (Page-94), Possible imapacts of climate change in india (Page-129), Clean technolgy energy (Page-148), Mitigation efforts by the government of India (Page-169), Issues of concern in some important sectors (Page-189), Uncertainties and possible approaches (Page-261), 0aClimatic changeszIndia.922002 aCentre for Environment Education (Ahmadābād, India)92201413Table of contentsuhttp://www.loc.gov/catdir/toc/fy0804/2007375999.html 2ddccBK c591867d591867 00102ddc4070aMCSbMCScGENd2022-10-17l0o616.0954,DASpMCS37528r2022-10-17w2022-10-17yBKzAlmirah No.26, Shelf No.6